LEADER 00920nam a2200217 i 4500 001 000000156623 003 CaOOAMICUS 005 20061211000000.0 008 061211n it u000 u ita u 013 $a133978 040 $aSeMil$bita 245 10$a[Assisi :$bPrincipali vedute e Monumenti]. 246 04$iTitolo in copertina:$a[Omaggio A S. E. il Cardinale Ferrari] 260 $a[S.l. :$bs.n.],$c19[?]$e([Milano] :$f[Fotocollo grafico Italiano G. Caruso],$g19[?]) 300 $a1 v. :$bill. ;$c31 cm. 650 4$aAssisi.$0(OLS)http://semarc/subject/5524 850 $aSeMil 852 $aSeMil$W1$xVenegono$y1$m5N XVI 34$j108372$B108372$CSeMilBibl$Z2$F117954 $8I 996 $6245$a[Assisi :$bPrincipali vedute e Monumenti]$9(OLS)http://semarc/title/229563 996 $6246$a[Omaggio A S. E. il Cardinale Ferrari]$9(OLS)http://semarc/title/229564 996 $6260$a[S.l. :$bs.n.]$9(OLS)http://semarc/publisher/29751 LEADER 01058nam a2200241 i 4500 001 000000043235 003 CaOOAMICUS 005 20090811000000.0 008 090811s1937 it u000 u ita u 013 $a14405 040 $aSeMil$bita 100 1 $aSemeria, Giovanni,$c.$0(OLS)http://semarc/name/4219 245 12$aI problemi della libertà e la teologia /$cdi Giovanni Semeria. 260 $aFirenze :$bF. Le Monnier,$c1937$e(Luogo di manifattura non identificato :$fTip. E. Ariani,$g1937) 300 $a91 p. ;$c20 cm. 490 0 $aScrittori barnabiti ;$v8. 650 4$aLibertà - Concezione cristiana.$0(OLS)http://semarc/subject/4612 650 4$aTeologia.$0(OLS)http://semarc/subject/27 830 0$aScrittori barnabiti ;$v8.$0(OLS)http://semarc/title/7636 850 $aSeMil 852 $aSeMil$W1$xVenegono$y1$m2B II 28$j9390$B9390$CSeMilBibl$Z2$F9390 $81 996 $6245$aI problemi della libertà e la teologia$9(OLS)http://semarc/title/63454 996 $6260$aFirenze :$bF. Le Monnier$9(OLS)http://semarc/publisher/30243